| 000 | 00359nam a2200145Ia 4500 | ||
|---|---|---|---|
| 005 | 20240821155334.0 | ||
| 008 | 240821s9999||||xx |||||||||||||| ||und|| | ||
| 082 | _a374.954 MAL | ||
| 100 | _aMali, M.G. | ||
| 245 | 0 | _aAdult education in India | |
| 260 |
_aNew Delhi _bDeep and Deep Pub. _c1964 |
||
| 300 | _a239p | ||
| 650 | _aADULT EDUCATION | ||
| 942 | _cBK | ||
| 999 |
_c109446 _d109446 |
||